000 00282nam a2200145Ia 4500
100 _aMaiti/C.K/ Maiti/T.K
942 _cRB
366 _f25
245 _aStrain-Engineered MOSFET s
260 _bCRC
_c2013
082 _bMAI
300 _a300
546 _aENGLISH
999 _c31049
_d31049